| 000 | 00455nam a22001097a 4500 | ||
|---|---|---|---|
| 008 | 150616b xxu||||| |||| 00| 0 eng d | ||
| 010 | _8HCCRSF:001 | ||
| 245 | _aHIGH COURT CRIMINAL SESSION No.556 of 1968 Uganda Vs Daniel Kahemura | ||
| 260 | _aHigh Court Kampala | ||
| 500 | _3(Original Criminal Case No.MMB.5 of 1968 in the District Court of Ankole at Mbarara Before - E.S. Mbazira Esq., Chief Magistrate) | ||
| 500 | _3Before - The Hon. Mr. Justice Goudie | ||
| 999 |
_c6217 _d6217 |
||